Načítá se...

MYSTERIES OF THE PAST ARCHAEOLOGICAL SITES IN INDIA

Podrobná bibliografie
Hlavní autor: UPINDER SINGH
Vydáno: NATIONAL BOOK TRUST
LEADER 00532nam a2200229 4500
020 |a 8123739788 
082 |a 930.1 UPI 
100 |a UPINDER SINGH 
245 |a MYSTERIES OF THE PAST ARCHAEOLOGICAL SITES IN INDIA  |h ENGLISH 
250
260 |b NATIONAL BOOK TRUST 
300
500
501
538
590
630
650
700
942
999 |c 177614  |d 177614 
952 |0 0  |1 0  |4 0  |6 930_100000000000000_UPI  |7 0  |9 190979  |a AGY  |b AGY  |d 2019-10-25  |l 0  |o 930.1 UPI  |p AGY1823  |r 2019-10-25  |w 2019-10-25